| 000 | 00685nam a2200217Ia 4500 | ||
|---|---|---|---|
| 999 |
_c35025 _d35025 |
||
| 001 | 864 | ||
| 003 | GE_BSU | ||
| 005 | 20220920155223.0 | ||
| 008 | 181216s2001||||rus|||||||||||||| ||ru || | ||
| 020 | _a5931650504 | ||
| 040 | _cGE_BSU | ||
| 041 | _aru | ||
| 080 | _a94(479.9) Д-26 | ||
| 100 |
_aДегоев, Вл. _914644 |
||
| 245 |
_aБольшая игра на Кавказе:история и современность : _bКавказский роковой круг / _cВл. Дегоев. |
||
| 264 |
_aМосква : _bРусская панорама, _c2001. |
||
| 300 | _a448 стр. | ||
| 653 | _aИстория | ||
| 653 | _aისტორია | ||
| 942 |
_cBK _2udc |
||